000 00603nam a2200205 4500
003 OSt
005 20240716050452.0
006 a
008 240716b |||||||| |||| 00| 0 eng d
020 _a9710388639
040 _aDWCL-Main lib.
_cOC
082 _aFil. 150 F827g 2009
100 _aFrando, Milagros F.
245 _aGeneral psychology: simplified /
260 _aMandaluyong City :
_bBooks Atbp. Pub. Corp.,
_cc2009.
300 _aviii,
_b212 p. : ill. ;
_c22 cm.
504 _aIncludes bibliographical references and index.
650 _a1. Psychology.
942 _2ddc
_n0
_cBK-CIRC
_kCirc.
999 _c2239
_d2239